| 000 | 00361nam a2200145Ia 4500 | ||
|---|---|---|---|
| 008 | 230917s9999||||xx |||||||||||||| ||und|| | ||
| 040 |
_e194700 _aMAIN |
||
| 041 | _aEnglish | ||
| 082 | _a338.4791 B855C | ||
| 100 | _aBuckley, Ralf | ||
| 245 | 0 | _aConservation tourism | |
| 260 |
_aWallingford _bCAB International _c2010 |
||
| 300 | _axvi, 214 p. | ||
| 942 | _cBK | ||
| 999 |
_c159340 _d159340 |
||